| 000 | 00890nam a22002417a 4500 | ||
|---|---|---|---|
| 005 | 20110908145123.0 | ||
| 008 | 110908t xxu||||| |||| 00| 0 eng d | ||
| 010 | _aENG-103806 | ||
| 020 | _c320.00 | ||
| 035 | _aEN-87339 | ||
| 037 | _bDBAD/DBAD | ||
| 040 |
_aDPL _bEng |
||
| 082 | _a000 | ||
| 100 | 1 |
_934669 _aRaviraman, TU. |
|
| 245 | 1 | 4 |
_aMedical enterance : _cby T.U. Raviraman _buseful for JIPMER, CMC Vellore and all other enterance /competitive examinations : physics, chemistry, biology, English / |
| 260 |
_aChennai _bTiger Books _c2009 |
||
| 270 |
_a9, Umpherson Street, 1st Floor, Broadway, _bChennai _e600108 |
||
| 300 |
_avarious pagings _c27cm (pbk) |
||
| 650 | 0 | _934671 | |
| 700 | _934736 | ||
| 942 |
_2ddc _cEN _mRAV _h000 |
||
| 999 |
_c56802 _d56802 |
||